History Quiz

Random History or Biography Quiz

International People on Money Quiz Stats

 Plays Quiz Updated Mar 1, 2016

Also try: Funny Money
Challenge
Share
Tweet
Embed
Score 0/24 Timer 10:00
2 Plays Today
Famous for Featured figure % Correct
Naturalist who proposed the theory of evolution by natural selectionCharles Darwin
96.7%
President and farthest right figure on Mount RushmoreAbraham Lincoln
92.9%
Revolutionary leader and founding father of the People's Republic of ChinaMao Zedong
90.3%
Architect who designed namesake tower in ParisGustave Eiffel
89.8%
Physicist and chemist who coined the term 'radioactivity' and discovered radium and poloniumMarie Curie
85.8%
Inventor of the lightning rod and signer of US Declaration of IndependenceBenjamin Franklin
85.1%
Co-founded the psychoanalytic school of psychologySigmund Freud
85.1%
Son of Akhenaten and pharaoh of Egypt whose tomb was rediscovered in 1922 by Howard CarterTutankhamun
81.4%
Communist revolutionary leader. Saigon was renamed after himHo Chi Minh
78.6%
Great Khan of the Mongol EmpireGenghis Khan
76.8%
Wartime leader who said, 'We will fight them on the beaches'Winston Churchill
70.3%
Economist who wrote 'The Wealth of Nations'Adam Smith
69.9%
Famous for Featured figure % Correct
Along with Tenzing Norgay, the first person to summit Mount EverestEdmund Hillary
69.4%
Military leader who liberated Venezuela and Peru (among other South American states) from Spanish ruleSimón Bolívar
69.2%
Inventor and proponent of alternating currentNikola Tesla
67.5%
Writer of fairy tales such as 'The Little Mermaid' and 'The Snow Queen'Hans Christian Andersen
65.9%
Engineer for whom the SI unit of power is namedJames Watt
56.7%
Flag officer in the British Navy who lost an arm and eyesight in his right eye during the Napoleonic WarsHoratio Nelson
52.9%
Quantum physicist who proposed that electrons have quantized energy levels in an atomNiels Bohr
48.4%
Star of silent and talkie films such as Grand Hotel and CamilleGreta Garbo
29.7%
Botanist and taxonomist who established the binomial system for naming speciesCarl Linnaeus
28.1%
Aviator and author, best known for writing 'The Little Prince'Antoine de Saint-Exupéry
26.9%
Composer of the Karelia suite and several other pieces based on the KalevalaJean Sibelius
24.2%
Revolutionary who founded the Kuomintang and is called the 'Father of the Nation' of ChinaSun Yat-Sen
22.3%

You're not logged in!

Compare scores with friends on all Sporcle quizzes.
Join for Free
OR
Log In

You Might Also Like...

Show Comments

Extras

Top Quizzes Today


Score Distribution

Your Account Isn't Verified!

In order to create a playlist on Sporcle, you need to verify the email address you used during registration. Go to your Sporcle Settings to finish the process.

Report this User

Report this user for behavior that violates our Community Guidelines.

Details: